<?xml version="1.0" encoding="UTF-8"?>
<marc:record xmlns:marc="http://www.loc.gov/MARC21/slim">
   <marc:leader>00000nam a2200000 a 4500</marc:leader>
   <marc:datafield ind1=" " ind2=" " tag="653">
      <marc:subfield code="a">Bibel</marc:subfield>
   </marc:datafield>
   <marc:datafield ind1=" " ind2=" " tag="653">
      <marc:subfield code="a">Bildmeditation</marc:subfield>
   </marc:datafield>
   <marc:datafield ind1=" " ind2=" " tag="653">
      <marc:subfield code="a">Malerei</marc:subfield>
   </marc:datafield>
   <marc:datafield ind1=" " ind2=" " tag="653">
      <marc:subfield code="a">Köder, Sieger</marc:subfield>
   </marc:datafield>
   <marc:datafield ind1="0" ind2="0" tag="245">
      <marc:subfield code="a">Die Bilder der Bibel von Sieger Köder</marc:subfield>
   </marc:datafield>
   <marc:datafield ind1="0" ind2="0" tag="245">
      <marc:subfield code="b">erschliessende und meditative Texte</marc:subfield>
   </marc:datafield>
   <marc:datafield ind1=" " ind2="1" tag="264">
      <marc:subfield code="b">Schwabenverl.</marc:subfield>
      <marc:subfield code="c">2000</marc:subfield>
   </marc:datafield>
   <marc:datafield ind1="1" ind2=" " tag="520">
      <marc:subfield code="a">Mit Recht gilt dieser Band als Standardwerk biblischer Bilder. Zusammen mit "Die Bibel. Mit Bildern von Sieger Köder" hat er in vielen Auflagen die Bibelbilder von Sieger Köder weit über die Diözesan-, Landes- und Konfessionsgrenzen hinweg bekannt gemacht. Jedem Bild steht ein Text gegenüber, der die Darstellung erschließt, deutet und meditiert. So begleitet das Werk die persönliche Annäherung an diese Bilder und ist gleichzeitig all denen eine wertvolle Hilfe, die Sieger Köders Arbeiten in der Verkündigung, der Katechese und der Bildungsarbeit einsetzen. (Verlagsmeldung)</marc:subfield>
   </marc:datafield>
   <marc:datafield ind1="3" ind2=" " tag="024">
      <marc:subfield code="a">9783796607912</marc:subfield>
   </marc:datafield>
</marc:record>
